Podpora zdraví bulletin národního centra podpory zdraví

Bibliographic Details
Previous Title:Zdravotní výchova
Format: Journal
Language:Czech
Published: Praha Národní centrum podpory zdraví 1992-1995
ISSN:1210-4809
0231-8350
Subjects:

MARC

LEADER 00000cas a22000004a 4500
001 vtls009969382
003 SK-MaSNL
005 20260228163623.0
008 091112d19921995xr qr p 0 b0cze c
022 |a 1210-4809 
040 |a SVKPO  |b slo  |c SVKPO  |d SNK  |e AACR2 
041 0 |a cze 
044 |a xr  |c CZ 
072 7 |a 351  |x Úlohy verejnej správy, správne opatrenia. Legislatíva  |2 konspekt 
072 7 |a 613  |x Hygiena. Ľudské zdravie  |2 konspekt 
072 7 |a 331  |x Práca  |2 konspekt 
080 |a 613  |2 2011 
080 |a 331.47  |2 2011 
080 |a 351.77  |2 2011 
210 0 |a Podpora zdr. 
222 0 |a Podpora zdraví 
245 0 0 |a Podpora zdraví  |b bulletin národního centra podpory zdraví 
260 |a Praha  |b Národní centrum podpory zdraví  |c 1992-1995 
310 |a 4x ročne 
362 0 |a 1992-1995 
650 0 7 |a ochrana zdravia  |2 SNKPH  |9 1135 
780 0 0 |t Zdravotní výchova  |x 0231-8350  |w vtls008273246 
910 |a snk 
999 |c 10032  |d 11962 
952 |0 0  |1 1  |4 0  |7 0  |a SNK  |b SNK  |d 2002-10-15  |l 0  |o snkČC 4221/1/1992  |p 17A0360120  |r 2005-01-02 00:00:00  |w 2026-02-21  |y PREZ 
952 |0 0  |1 1  |4 0  |7 0  |a SNK  |b SNK  |d 2002-10-31  |l 0  |o snkČC 4221/3/1994  |p 17A0362669  |r 2005-01-02 00:00:00  |w 2026-02-21  |y PREZ 
952 |0 0  |1 1  |4 0  |7 0  |a SNK  |b SNK  |d 2002-10-31  |l 0  |o snkČC 4221/2/1993  |p 17A0362627  |r 2005-01-02 00:00:00  |w 2026-02-21  |y PREZ